[Event "HUN-chT1"]
[Site "HUN"]
[Date "1995.??.??"]
[Round "?"]
[White "Rigo, Janos"]
[Black "Csiszar, Csaba"]
[Result "1-0"]
[WhiteElo "2310"]
[BlackElo "2380"]

1.e4 c5 2.Nf3 Nc6 3.Bb5 e5 4.O-O Nge7 5.a4 d6 6.h3 Bd7 7.c3 Ng6 8.d4 Be7
9.Be3 O-O 10.d5 Nb8 11.Nbd2 Bc8 12.Bd3 Nd7 13.a5 Bf6 14.Nc4 Qc7 15.Qd2 Rb8
16.b4 Nf4 17.Bxf4 exf4 18.Qxf4 Bxc3 19.Rac1 cxb4 20.Nxd6 Ne5 21.Nb5 Nxf3+
22.Qxf3 Qxa5 23.Nxc3 bxc3 24.e5 Qc7 25.Rfe1 g6 26.Bb1 b5 27.Rxc3 Qa5 28.Qe3 Bb7
29.Ra3 Qd8 30.Ba2 b4 31.Rd3 Ba6 32.Rd4 Qb6 33.Bb3 Rbc8 34.Qf4 Rc3 35.Rxb4 Qa5
36.Ra4 Qb6 37.Ba2 Bb5 38.Rb4 Qa5 39.Qd4 Rfc8 40.e6 R3c4 41.Bxc4 Rxc4 42.Rxc4 Qxe1+
43.Kh2 Bxc4 44.Qxc4 fxe6 45.dxe6 Qe5+ 46.g3 Kg7 47.Qa6 Kh6 48.Qxa7 Qxe6 49.Qe3+ Qxe3
50.fxe3 Kg5 51.Kg2 Kf5 52.Kf3 h5 53.e4+ Kf6 54.Ke3 Kg5 55.e5  1-0

[Event "HUN-chT1"]
[Site "HUN"]
[Date "1995.??.??"]
[Round "?"]
[White "Rigo, Janos"]
[Black "Rezsek, Gyozo"]
[Result "1-0"]
[WhiteElo "2310"]
[BlackElo "2125"]

1.e4 c5 2.Nf3 Nc6 3.Bb5 d6 4.O-O e5 5.c3 Bd7 6.d4 Nge7 7.dxc5 dxc5 8.Na3 Ng6
9.Nc4 Qc7 10.Ne3 Rd8 11.Nd5 Qb8 12.Bg5 Be7 13.Nxe7 Ngxe7 14.Qb3 f6 15.Be3 b6
16.Rad1 Qc7 17.Nh4 g5 18.Nf5 Nxf5 19.exf5 Ne7 20.Rxd7 Rxd7 21.Rd1  1-0

[Event "HUN-chT1"]
[Site "HUN"]
[Date "1995.??.??"]
[Round "?"]
[White "Tompa, Janos"]
[Black "Korpics, Zsolt"]
[Result "1-0"]
[WhiteElo "2450"]
[BlackElo "2315"]

1.e4 c5 2.Nf3 Nc6 3.Bb5 d6 4.O-O Bd7 5.Re1 Nf6 6.c3 a6 7.Bf1 Bg4 8.h3 Bxf3
9.Qxf3 g6 10.d3 Bg7 11.Bg5 O-O 12.Qe3 Re8 13.Nd2 Nd7 14.g3 b5 15.Bh6 Bh8
16.Bg2 Rc8 17.a3 a5 18.Nf3 Nde5 19.Nxe5 Bxe5 20.Qd2 a4 21.f4 Bh8 22.f5 Ne5
23.Rf1 b4 24.axb4 cxb4 25.d4 Nc4 26.Qf2 g5 27.Rxa4 bxc3 28.bxc3 Bf6 29.Rb1 Qc7
30.Rab4 Na5 31.Rc1 Nc6 32.Rc4 Qb6 33.Qd2 Qb3 34.Bf1 Qb6 35.Bxg5 Ne5 36.Rxc8 Nf3+
37.Kf2 Nxd2 38.Rxe8+ Kg7 39.Bxd2 Qc6 40.Rb8 Qxe4 41.Rb5 d5 42.Bf4 Bh4 43.Be5+ f6
44.Bb8 Qxf5+ 45.Kg1 Qf3 46.Rc2 Bg5 47.Rb1 Qe4 48.Rbb2 Be3+ 49.Kh2 Qf3 50.Re2 Bc1
51.Bg2 Qxc3 52.Rxe7+ Kg6 53.Rbb7 Bh6 54.Rbd7 Qb4 55.Re8 Bg5 56.Rg8+ Kh6 57.Bd6  1-0

[Event "HUN-chT1"]
[Site "HUN"]
[Date "1995.??.??"]
[Round "?"]
[White "Nagy, E."]
[Black "Lakos, Nikoletta"]
[Result "1/2-1/2"]
[WhiteElo "2305"]
[BlackElo "2265"]

1.e4 c5 2.Nf3 Nc6 3.Bb5 g6 4.O-O a6 5.Bxc6 dxc6 6.h3 Nf6 7.Re1 Bg7 8.d3 O-O
9.Nc3 Nd7 10.Bg5 b5 11.Qc1 Nb6 12.Bh6 c4 13.Bxg7 Kxg7 14.Qe3 Rb8 15.Rad1 Qc7
16.Qc5 Qd6 17.Qxd6 exd6 18.dxc4 Nxc4 19.b3 Ne5 20.Re3 Nxf3+ 21.Rxf3 b4 22.Ne2 d5
23.exd5 cxd5 24.Re3 Be6 25.Nd4 Rfe8 26.a3 bxa3 27.Ra1 Bd7 28.Rxa3 Bb5 29.Ra5 Re4
30.Rxe4 dxe4 31.c4 Be8 32.Re5 f5 33.g4 Kf6 34.Ra5 Rd8 35.Rxa6+ Kg5 36.Ne2 fxg4
37.hxg4 Rd1+ 38.Kg2 Rd2 39.Ra5+ Kf6 40.Ng3 Bc6 41.Ra6 Rd6 42.Kf1 Ke5 43.b4 e3
44.Ke1 exf2+ 45.Kxf2 Rf6+ 46.Ke1 Bf3 47.Ra5+ Kd4 48.g5 Rb6 49.Kf2 Bb7 50.Rb5 Rxb5
51.cxb5 Kc4 52.Ke3 Kxb5 53.Ne4 Kxb4 54.Nf6 Kc5  1/2-1/2

[Event "HUN-chT1"]
[Site "HUN"]
[Date "1995.??.??"]
[Round "?"]
[White "Fusthy, Zsolt"]
[Black "Lakos, Nikoletta"]
[Result "1/2-1/2"]
[WhiteElo "2300"]
[BlackElo "2265"]

1.e4 c5 2.Nf3 Nc6 3.Bb5 g6 4.O-O Bg7 5.c3 a6 6.Bxc6 dxc6 7.d3 Nf6 8.Be3 c4
9.dxc4 Qxd1 10.Rxd1 Nxe4 11.Bd4 Bxd4 12.Rxd4 Bf5 13.Nbd2 Nc5 14.g4 Be6 15.Re1  1/2-1/2

[Event "HUN-chT1"]
[Site "HUN"]
[Date "1995.??.??"]
[Round "?"]
[White "Fusthy, Zsolt"]
[Black "Abel, Lajos"]
[Result "1-0"]
[WhiteElo "2300"]
[BlackElo "2235"]

1.e4 c5 2.Nf3 Nc6 3.Bb5 g6 4.O-O Bg7 5.c3 e5 6.d4 cxd4 7.cxd4 exd4 8.Bf4 Nge7
9.Na3 O-O 10.Bd6 a6 11.Qa4 Ra7 12.Bxc6 dxc6 13.e5 Re8 14.Qxd4 Ra8 15.Qc5 Nd5
16.h3 Be6 17.Rfe1 Bh6 18.Re4 Nf4 19.Qb4 a5 20.Qd4 Nd5 21.Nc4 b5 22.Ncd2 Bg7
23.Qc5 Rc8 24.a3 h6 25.Nd4 Ne7 26.Ree1 Bd5  1-0

[Event "HUN-chT1"]
[Site "HUN"]
[Date "1995.??.??"]
[Round "?"]
[White "Horvath, Tamas"]
[Black "Sarosi, Zoltan"]
[Result "0-1"]
[WhiteElo "2435"]
[BlackElo "2325"]

1.e4 c5 2.Nf3 Nc6 3.Bb5 e6 4.O-O Nge7 5.Re1 a6 6.Bxc6 bxc6 7.e5 Ng6 8.d3 Be7
9.Nbd2 f6 10.exf6 gxf6 11.Nf1 O-O 12.Bh6 Rf7 13.h4 Bf8 14.Qd2 Bxh6 15.Qxh6 Qf8
16.Qd2 e5 17.c3 d5 18.b4 Bg4 19.N1h2 Qc8 20.Qh6 Bxf3 21.Nxf3 Qg4 22.Nh2 Qxh4
23.Qxh4 Nxh4 24.bxc5 Rb8 25.g3 Nf5 26.Nf3 Rb5 27.d4 e4 28.Nh2 Rb2 29.Rab1 Rfb7
30.Rxb2 Rxb2 31.Ng4 Kg7 32.a4 Kg6 33.Rc1 Kg5 34.Nh2 h5 35.a5 h4 36.g4 Nh6
37.c4 dxc4 38.Rxc4 h3 39.Rc1 Rd2 40.Kf1 Nxg4 41.Nxg4 Kxg4 42.Kg1 Rxd4 43.Rc3 Rd3  0-1

[Event "HUN-chT1"]
[Site "HUN"]
[Date "1995.??.??"]
[Round "?"]
[White "Csoke, Krisztian"]
[Black "Turzo, Attila"]
[Result "1/2-1/2"]
[WhiteElo "2295"]
[BlackElo "2265"]

1.e4 c5 2.Nf3 Nc6 3.Bb5 g6 4.O-O Bg7 5.c3 e5 6.d3 Nge7 7.Be3 d6 8.Qd2 O-O
9.Na3 Bg4 10.Ne1 a6 11.Ba4 Be6 12.Nf3 b5 13.Bd1 Rc8 14.Re1 Qc7 15.Bh6 Bxh6
16.Qxh6 f6 17.Qe3 Na5 18.Qd2 Rfd8 19.Qc1 Kg7 20.Nd2 d5 21.Bf3 d4 22.c4 Qd7
23.Qc2 Nb7 24.Rec1 Nd6 25.Qd1 Rc7 26.Be2 Rb8 27.Rab1 b4 28.Nc2 a5 29.Ne1 a4
30.Nf1 Nc6 31.Ng3 Kh8 32.Nf3 Ra7 33.Nd2 Qg7 34.Bg4 f5 35.Bf3 f4 36.Ngf1 Qd7
37.Qe2 g5 38.h3 Ne8 39.Nh2 Nf6 40.Ng4 Ng8 41.Nh2 Qe8 42.Bh5 Qf8 43.Bg4 Bf7
44.Bh5 Rbb7 45.Bxf7 Rxf7 46.Kf1 Nf6 47.Ng4 Ne8 48.Nh2 h6 49.Ke1 Rh7 50.Nhf3 Qg7
51.g4  1/2-1/2

[Event "HUN-chT1"]
[Site "HUN"]
[Date "1995.??.??"]
[Round "?"]
[White "Csoke, Adrienn"]
[Black "Murin, Janos"]
[Result "1/2-1/2"]
[WhiteElo "2060"]
[BlackElo "2260"]

1.e4 c5 2.Nf3 Nc6 3.Bb5 g6 4.c3 Bg7 5.O-O Nf6 6.Qe2 O-O 7.Rd1 d6 8.d4 cxd4
9.cxd4 Bg4 10.Bxc6 bxc6 11.Nc3 Qa5 12.h3 Bd7 13.Bg5 Rfe8 14.a3 h6 15.b4 Qc7
16.Be3 a5 17.e5 Nd5  1/2-1/2

[Event "HUN-chT1"]
[Site "HUN"]
[Date "1995.??.??"]
[Round "?"]
[White "Baranyai, Szabolcs Jr"]
[Black "Murin, Janos"]
[Result "0-1"]
[WhiteElo "2135"]
[BlackElo "2260"]

1.e4 c5 2.Nf3 Nc6 3.Bb5 g6 4.O-O Bg7 5.c3 Nf6 6.Re1 O-O 7.d4 cxd4 8.cxd4 d5
9.e5 Ne4 10.Nc3 Nxc3 11.bxc3 Na5 12.Ba3 Bg4 13.Bb4 a6 14.Bd3 Rc8 15.Rb1 Nc4
16.Bc5 Bxf3 17.gxf3 b5 18.f4 Qd7 19.Kh1 Rfd8 20.Rg1 Rxc5 21.dxc5 Qc6 22.Qe2 e6
23.Rgd1 Na3 24.Rb3 Qxc5 25.Qe3 Bf8 26.Qg3 Qc8 27.h4 Nc4 28.Rbb1 Bg7 29.h5 Re8
30.hxg6 hxg6 31.Rg1 Re7 32.Qg5 Kf8 33.Rg3 Qc6 34.Kh2 Qc5 35.Kg2 Qc6 36.Kh2 Ke8
37.Rh3 Kd7 38.Rh7 Nd2 39.Qg3 Nxb1 40.Bxb1 Bf8 41.Qe3 Ke8 42.Rh8 Rc7 43.Rh3 Qc5
44.Qd2 Kd7 45.Bc2 Kc8 46.Bb3 Kb7 47.Kg1 Qa3 48.Rg3 Qc5 49.Rh3 Qb6 50.Kf1 Bc5
51.Rh8 Qc6 52.Rh3 Bb6 53.Rd3 Ka7 54.Qd1 Ba5 55.a4 Bxc3 56.axb5 axb5 57.Qc2 d4  0-1

[Event "HUN-chT1"]
[Site "HUN"]
[Date "1995.??.??"]
[Round "?"]
[White "Lakos, Nikoletta"]
[Black "Gyurkovics, Miklos"]
[Result "0-1"]
[WhiteElo "2265"]
[BlackElo "2260"]

1.e4 c5 2.Nf3 Nc6 3.Bb5 e6 4.O-O Nge7 5.b3 d5 6.exd5 Qxd5 7.Nc3 Qd8 8.Ne5 Qc7
9.d4 a6 10.Qf3 f6 11.Nxc6 bxc6 12.Bf4 Qb7 13.Ne4 Nd5 14.Ba4 cxd4 15.Rfe1 Bd7
16.Bd6 Qa7 17.Bxf8 Kxf8 18.Nd6 Qc7 19.Ne4 Re8 20.Nc5 Bc8 21.a3 g6 22.Rad1 e5
23.c4 Nf4 24.Bxc6 Bg4 25.Qxg4 Qxc6 26.Nd3 h5 27.Qg3 h4 28.Qg4 Nxd3 29.Rxd3 Kf7
30.Rh3 f5 31.Qg5 Rh5 32.Qd2 g5 33.Rd3 Kf6 34.f3 h3 35.g3 Rh7 36.Re2 Rd7 37.Re1 Qc5
38.Qf2 Qxa3 39.f4 e4 40.Rxd4 e3 41.fxg5+ Kg6 42.Qf4 Qb2 43.Rd6+ Rxd6 44.Qxd6+ Kxg5
45.Qf4+ Kg6 46.Qf3 Rd8 47.Rf1 Qe5 48.g4 fxg4 49.Qxg4+ Qg5 50.Qxg5+ Kxg5 51.c5 Kg4
52.Rc1 Kf3 53.Kf1 Rd2 54.c6 Rxh2 55.Kg1 Rg2+ 56.Kh1 e2 57.c7 Rg8  0-1

[Event "HUN-chT1"]
[Site "HUN"]
[Date "1995.??.??"]
[Round "?"]
[White "Kuklin, Alexander"]
[Black "Tenyi, Jozsef"]
[Result "0-1"]
[WhiteElo "2290"]
[BlackElo "2185"]

1.e4 c5 2.Nf3 Nc6 3.Bb5 d6 4.O-O Bd7 5.c3 a6 6.Ba4 b5 7.Bc2 e5 8.d4 Be7 9.d5 Na5
10.Nbd2 Nf6 11.Re1 O-O 12.Nf1 Ne8 13.Ng3 g6 14.Bh6 Ng7 15.b3 Bg4 16.Qd2 f6
17.Bd1 Bd7 18.h3 Kh8 19.Bc2 Rg8 20.Rad1 Qe8 21.Nh2 Nb7 22.f4 Nd8 23.fxe5 fxe5
24.Rf1 Nf7 25.Be3 Bh4 26.Rf3 Qe7 27.Rdf1 Rgf8 28.Ng4 Bxg4 29.hxg4 Kg8 30.Kh2 Qd7
31.g5 Qg4 32.Qf2 Nh5 33.Nxh5 Qxh5 34.g3 Bxg5+ 35.Kg2 Bxe3 36.Qxe3 Ng5 37.Rxf8+ Rxf8
38.Rh1 Qf3+ 39.Qxf3 Rxf3  0-1

[Event "HUN-chT1"]
[Site "HUN"]
[Date "1995.??.??"]
[Round "?"]
[White "Kozma, Edit"]
[Black "Grabics, Monika"]
[Result "1-0"]
[WhiteElo "2120"]
[BlackElo "2315"]

1.e4 c5 2.Nf3 Nc6 3.Bb5 Qb6 4.Nc3 a6 5.Nd5 Qd8 6.Bxc6 bxc6 7.Ne3 d5 8.d3 g6
9.O-O Bg7 10.Re1 Nh6 11.c4 d4 12.Nf1 Qc7 13.h3 O-O 14.Bd2 f6 15.Qa4 f5 16.Ba5 Qb7
17.e5 f4 18.Qa3 Qa7 19.N1d2 Bf5 20.Rad1 Qd7 21.Kh2 Rab8 22.Nb3 Bxh3 23.gxh3 Ng4+
24.Kg2 Ne3+ 25.fxe3 fxe3 26.Rh1 Rxf3 27.Rdf1 Rbf8 28.Rxf3 Rxf3 29.Kxf3 Qf5+
30.Ke2 Qf2+ 31.Kd1 e2+ 32.Kc1 Bh6+ 33.Bd2 e1=Q+ 34.Rxe1 Qxe1+ 35.Kc2 Bxd2
36.Nxd2 Qxe5 37.Qxa6 Qe6 38.Qa8+ Kg7 39.h4 Qf6 40.Qe8 Qxh4 41.Qxc6 Qg5 42.a4 h5
43.a5 h4  1-0

[Event "HUN-chT2 9495"]
[Site "HUN"]
[Date "1995.??.??"]
[Round "?"]
[White "Doery, Jeno"]
[Black "Kadar, Gabor"]
[Result "1/2-1/2"]
[WhiteElo "2340"]
[BlackElo "2280"]

1.e4 c5 2.Nf3 Nc6 3.Bb5 Qb6 4.Nc3 e6 5.O-O Nge7 6.Re1 a6 7.Bxc6 Nxc6 8.b3 Be7
9.Bb2 O-O 10.Nd5 exd5 11.exd5 Qd8 12.dxc6 dxc6 13.Qe2 Bf6 14.Bxf6 Qxf6 15.Qe5 Qxe5
16.Rxe5 b6 17.Rae1 Bg4 18.Re7 Be6 19.Ng5 Rfe8 20.Rb7 Bxb3 21.Rxe8+ Rxe8 22.f3 Bxc2
23.Rxb6 h6 24.Ne4  1/2-1/2

[Event "HUN-chT2 9495"]
[Site "HUN"]
[Date "1995.??.??"]
[Round "?"]
[White "Emodi, Gyula"]
[Black "Fodre, Sandor"]
[Result "1-0"]
[WhiteElo "2410"]
[BlackElo "2265"]

1.e4 c5 2.Nf3 Nc6 3.Bb5 g6 4.O-O Bg7 5.c3 Nf6 6.d4 cxd4 7.e5 Ne4 8.cxd4 d5
9.Ne1 Qb6 10.a4 a6 11.Bxc6+ bxc6 12.a5 Qa7 13.f3 Bxe5 14.fxe4 Bxd4+ 15.Kh1 dxe4
16.Nc3 f5 17.Nc2 e5 18.Ra4 c5 19.Nd5 Be6 20.Nb6 Rb8 21.b4 Bb3 22.Ra3 c4 23.Rxb3 cxb3
24.Nxd4 Rd8 25.Qxb3 exd4 26.Bg5 Rd6 27.Rc1 Kf8 28.Nc8 Qd7 29.Bh6+ Ke8 30.Nxd6+ Ke7
31.Qf7+ Kxd6 32.Bf4+  1-0

[Event "HUN-chT2 9495"]
[Site "HUN"]
[Date "1995.??.??"]
[Round "?"]
[White "Emodi, Gyula"]
[Black "Kiss, Pal"]
[Result "1/2-1/2"]
[WhiteElo "2410"]
[BlackElo "2455"]

1.e4 c5 2.Nf3 Nc6 3.Bb5 g6 4.O-O Bg7 5.c3 Nf6 6.Re1 O-O 7.h3 e5 8.d3 d6 9.a3 a6
10.Bc4 b5 11.Ba2 Bb7 12.Bg5 h6 13.Bxf6 Bxf6 14.Bd5 Qb6 15.Nbd2 Ne7 16.Bxb7 Qxb7
17.Qb3  1/2-1/2

[Event "HUN-chT2 9495"]
[Site "HUN"]
[Date "1995.??.??"]
[Round "?"]
[White "Emodi, Gyula"]
[Black "Kustar, Sandor"]
[Result "1/2-1/2"]
[WhiteElo "2410"]
[BlackElo "2435"]

1.e4 c5 2.Nf3 Nc6 3.Bb5 Qb6 4.Ba4 e6 5.O-O d6 6.d4 cxd4 7.Nxd4 Bd7 8.Nb5 Na5
9.Be3 Qd8 10.N1a3 a6 11.Nxd6+ Bxd6 12.Qxd6 Bxa4  1/2-1/2

[Event "HUN-chT1"]
[Site "HUN"]
[Date "1995.??.??"]
[Round "?"]
[White "Pergel, Laszlo"]
[Black "Horvath, Sandor"]
[Result "0-1"]
[WhiteElo "2145"]
[BlackElo "2300"]

1.e4 c5 2.Nf3 Nc6 3.Bb5 e5 4.O-O Nge7 5.c3 a6 6.Bxc6 Nxc6 7.d4 d6 8.h3 Be7
9.Na3 O-O 10.Nc4 f5 11.dxe5 fxe4 12.Qd5+ Kh8 13.exd6 exf3 14.dxe7 Qxe7 15.Bg5 Qe6
16.Qxe6 Bxe6 17.Ne3 fxg2 18.Kxg2 Rae8 19.Bh4 Ne5 20.Bg3 Bd7 21.Rfd1 Bc6+
22.Kf1 Ng6 23.Nd5 Rf5 24.c4 Rh5 25.Re1 Rd8 26.Ne7 Nxe7 27.Rxe7 Rxh3 28.Ke2 Rh6
29.Bf4 Rg6 30.Re3 Rg4 31.Bc7 Rc8 32.Re7 Rxc4 33.Rg1 Re4+ 34.Rxe4 Bxe4 35.Be5 Bg6
36.f4 Re8 37.Kd2 Re7 38.Kc3 Bf5 39.Kc4 Be6+ 40.Kxc5 Bxa2 41.b4 h6 42.Kd6 Rf7
43.Ra1 Bb3 44.Rb1 Bc2 45.Rc1 Bf5 46.Kc5 h5 47.Rh1 Bg4 48.Kb6 Kh7 49.Bc7 Kh6
50.Rf1 Bc8 51.Bd8 Bd7 52.Bg5+ Kg6 53.Kc5 Bc6 54.Rf2 Rd7 55.Rh2 Rd5+ 56.Kc4 Rd1
57.Be7 Rh1 58.Rf2 Kf5 59.Rd2 h4 60.Kd4 h3 61.Bh4 Kg4 62.Bd8 h2 63.f5 Rf1
64.Rxh2  0-1

[Event "HUN-chT2 9495"]
[Site "HUN"]
[Date "1995.??.??"]
[Round "?"]
[White "Torok, Jozsef"]
[Black "Racz, Zoltan"]
[Result "1-0"]
[WhiteElo "2260"]
[BlackElo "2250"]

1.e4 c5 2.Nf3 Nc6 3.Bb5 g6 4.O-O Bg7 5.c3 e5 6.d4 cxd4 7.cxd4 Nxd4 8.Nxd4 exd4
9.Bf4 Ne7 10.Nd2 a6 11.Bc4 b5 12.Bb3 d6 13.a4 Bb7 14.Qe2 Qd7 15.axb5 axb5
16.Rxa8+ Bxa8 17.Nf3 O-O 18.Rd1 Qc6 19.Nxd4 Qxe4 20.Qxe4 Bxe4 21.Bxd6 Bxd4
22.Rxd4 Nf5 23.Rxe4 Nxd6 24.Rd4 Rd8 25.Kf1 h5 26.Ke2 Kf8 27.Kd3 Ke7 28.Kc3 Rc8+
29.Kb4 Rc1 30.Rd2 g5 31.Rc2 Rxc2 32.Bxc2 f5 33.Bd3 h4 34.Bxb5 g4 35.Be2 Kd8
36.f3 h3 37.gxh3 gxf3 38.Bxf3 Kc7 39.h4 f4 40.Kc5 Nf5 41.Kd5 Nxh4 42.Ke4 Kd6
43.Kxf4 Ng6+ 44.Kg5 Ne5 45.Be2 Ke6 46.h4 Kf7 47.h5 Kg7 48.h6+ Kh7 49.Bh5 Nc4
50.Bg6+ Kh8 51.b4  1-0

[Event "HUN-chT2 9495"]
[Site "HUN"]
[Date "1995.??.??"]
[Round "?"]
[White "Tengely, Szabolcs"]
[Black "Apro, Adrian"]
[Result "0-1"]
[WhiteElo "2165"]
[BlackElo "2130"]

1.e4 c5 2.Nf3 Nc6 3.Bb5 d6 4.O-O Bd7 5.c3 a6 6.Ba4 Nf6 7.Re1 b5 8.Bb3 Bg4
9.h3 Bh5 10.g4 Bg6 11.d3 e6 12.Nbd2 Be7 13.Nf1 Na5 14.Bc2 h5 15.Nh4 hxg4
16.Nxg6 fxg6 17.hxg4 Rh4 18.f3 Kf7 19.Bf4 Qh8 20.Kg2 Rh3 21.Ne3 e5 22.Bg3 Qh6
23.g5 Rxg3+ 24.Kxg3 Qxg5+ 25.Ng4 Qf4+ 26.Kg2 Nh5 27.Rg1 Qg3+ 28.Kf1 Qh3+
29.Ke1 Bh4+ 30.Kd2 Bg5+ 31.Ke1 Qh4+ 32.Kf1 Ng3+ 33.Kg2 Nh5 34.Kf1 Rh8 35.Bb3+ Ke7
36.d4 Ng3+ 37.Kf2 Rf8 38.Ke1  0-1

[Event "HUN-chT2 9495"]
[Site "HUN"]
[Date "1995.??.??"]
[Round "?"]
[White "Sax, Gyula"]
[Black "Somogyi, Istvan"]
[Result "1-0"]
[WhiteElo "2535"]
[BlackElo "2270"]

1.e4 c5 2.Nf3 Nc6 3.Bb5 g6 4.Bxc6 dxc6 5.d3 Bg7 6.h3 Nf6 7.Nc3 O-O 8.Be3 b6
9.Qd2 Ne8 10.Bh6 Nc7 11.Bxg7 Kxg7 12.Ne2 Be6 13.O-O f6 14.a3 a5 15.b4 cxb4
16.axb4 a4 17.Qe3 b5 18.Ned4 Bd7 19.e5 Nd5 20.Qe1 Qb6 21.Rb1 a3 22.Nb3 Qc7
23.Nc5 Bf5 24.Ra1 fxe5 25.Nxe5 Nxb4 26.Qxb4 Qxe5 27.Rxa3 Rxa3 28.Qxa3 Qf6
29.Re1 Rf7 30.Qb4 h5 31.Qd2 Qd6 32.Qe3 Qd5 33.c3 Qd6 34.d4 Qd5 35.Qg3 Qd6
36.Re5 b4 37.Qe3 bxc3 38.Qxc3 Kg8 39.Qe3 Kg7 40.f3 Bc8 41.g4 hxg4 42.hxg4 Kg8
43.Kg2 Rh7 44.Ne4 Qb8 45.Ng5 Qb2+ 46.Qe2 Qxe2+ 47.Rxe2 Rg7 48.Rb2 Kh8 49.Rb6 Bd7
50.Rb7 e6 51.Ne4 Rf7 52.Kg3 Kg7 53.Nd6 Re7 54.Kf4 Kf8 55.Ke5  1-0

[Event "HUN-chT2 9495"]
[Site "HUN"]
[Date "1995.??.??"]
[Round "?"]
[White "Mullner, Imre"]
[Black "Kozma, Karoly"]
[Result "1-0"]
[WhiteElo "2220"]
[BlackElo "2340"]

1.e4 c5 2.Nf3 Nc6 3.Bb5 d6 4.h3 a6 5.Bxc6+ bxc6 6.O-O e6 7.d3 Ne7 8.Nbd2 Ng6
9.Nc4 d5 10.Nce5 Bd6 11.Nxg6 hxg6 12.e5 Be7 13.c3 f6 14.d4 Kf7 15.Be3 Qb6
16.Qc2 a5 17.Rfe1 a4 18.dxc5 Bxc5 19.Bd4 Bxd4 20.cxd4 Ba6 21.b3 Bb5 22.Rab1 Qa6
23.Qc5 Qa7 24.Qc3 Qe7 25.Re3 axb3 26.axb3 Ra2 27.Ra1 Rha8 28.Ree1 Rxa1 29.Rxa1 Rxa1+
30.Qxa1 Be2 31.Qc3 Bxf3 32.Qxf3 c5 33.Qc3 cxd4 34.Qxd4 Qb7 35.exf6 gxf6 36.b4 e5
37.Qc5 Ke6 38.b5 g5 39.g3 f5 40.h4 gxh4 41.gxh4 Qg7+ 42.Kf1 e4 43.Qc6+ Ke5
44.b6 Qg4 45.Qc7+ Kd4 46.b7 f4 47.Qb6+ Kc4 48.Qc6+ Kd4 49.Qa4+ Kc3 50.Qa3+ Kc4
51.Qc1+ Kd3 52.Qa3+ Kc4 53.b8=Q Qd1+ 54.Kg2 Qg4+ 55.Kh2 Qxh4+ 56.Qh3 Qxf2+
57.Qg2 Qh4+ 58.Kg1  1-0

[Event "HUN-chT2 9495"]
[Site "HUN"]
[Date "1995.??.??"]
[Round "?"]
[White "Mullner, Imre"]
[Black "Kocsis, Gyorgy"]
[Result "0-1"]
[WhiteElo "2220"]
[BlackElo "2290"]

1.e4 c5 2.Nf3 Nc6 3.Bb5 g6 4.O-O Bg7 5.c3 Nf6 6.Re1 O-O 7.h3 e5 8.d3 d6 9.Nbd2 Bd7
10.a4 a6 11.Bc4 Rb8 12.Nf1 b5 13.axb5 axb5 14.Ba2 h6 15.Ne3 Kh7 16.Kh2 Ne7
17.g3 Qc8 18.Ng1 Bc6 19.Nf3 Ne8 20.Nh4 Nc7 21.f4 exf4 22.gxf4 d5 23.Ng4 Qd8
24.e5 Ng8 25.d4 Qxh4  0-1

[Event "HUN-chT2 9495"]
[Site "HUN"]
[Date "1995.??.??"]
[Round "?"]
[White "Mullner, Imre"]
[Black "Kiss, Pal"]
[Result "1/2-1/2"]
[WhiteElo "2220"]
[BlackElo "2455"]

1.e4 c5 2.Nf3 Nc6 3.Bb5 g6 4.O-O Bg7 5.c3 Nf6 6.Re1 O-O 7.h3 e5 8.d3 d6 9.Nbd2 a6
10.Bxc6 bxc6 11.Nc4 Be6 12.Qa4 Bxc4 13.Qxc4 Nd7 14.b4 Nb6 15.Qb3 cxb4 16.Be3 a5
17.cxb4 axb4  1/2-1/2

[Event "HUN-chT2 9495"]
[Site "HUN"]
[Date "1995.??.??"]
[Round "?"]
[White "Mullner, Imre"]
[Black "Kadar, Gabor"]
[Result "0-1"]
[WhiteElo "2220"]
[BlackElo "2280"]

1.e4 c5 2.Nf3 Nc6 3.Bb5 Qb6 4.Ba4 g6 5.O-O Bg7 6.c3 e5 7.Na3 a6 8.h3 Nge7
9.d3 O-O 10.Be3 d5 11.Qc1 d4 12.Bh6 Qc7 13.Bxg7 Kxg7 14.cxd4 cxd4 15.Bxc6 Nxc6
16.Nc4 f6 17.a3 Be6 18.Nh2 Rac8 19.Ng4 Bxg4 20.hxg4 b5 21.Nd2 Qd7 22.Qd1 Nd8
23.g3 h5 24.gxh5 Rh8 25.Kg2 Rxh5 26.Rc1 Rxc1 27.Qxc1 Ne6 28.f3 Ng5 29.g4 Rh3
30.Rh1 Rxf3 31.Nxf3 Qxg4+ 32.Kf2 Qxf3+ 33.Kg1 Qg3+ 34.Kf1 Qxd3+ 35.Kg1 Qc4
36.Kg2 Qe2+ 37.Kg3 Qf3+ 38.Kh2 Qf2+  0-1

[Event "HUN-chT2 9495"]
[Site "HUN"]
[Date "1995.??.??"]
[Round "?"]
[White "Mullner, Imre"]
[Black "Fodre, Sandor"]
[Result "1/2-1/2"]
[WhiteElo "2220"]
[BlackElo "2265"]

1.e4 c5 2.Nf3 Nc6 3.Bb5 g6 4.c3 Bg7 5.O-O Nf6 6.Re1 O-O 7.d4 cxd4 8.cxd4 d5
9.e5 Ne4 10.Nc3 Bf5 11.Nh4 Nxc3 12.bxc3 Bd7 13.Bd3 Rc8 14.f4 e6 15.Nf3 Na5
16.Qc2 Re8 17.Rb1 Qc7 18.Bd2 b6 19.h4 Nc4 20.Bc1 Na5 21.Bd2 Nc4 22.Bc1  1/2-1/2

[Event "HUN-chT2 9495"]
[Site "HUN"]
[Date "1995.??.??"]
[Round "?"]
[White "Molnar, Laszlo"]
[Black "Heiligermann, Gbor"]
[Result "1/2-1/2"]
[WhiteElo "2260"]
[BlackElo "2205"]

1.e4 c5 2.Nf3 Nc6 3.Bb5 g6 4.O-O Bg7 5.c3 e5 6.d4 cxd4 7.cxd4 Nxd4 8.Nxd4 exd4
9.e5 a6 10.Bc4 Ne7 11.Qxd4 O-O 12.Bf4 d5 13.Bb3 Be6 14.Re1 Nc6 15.Qd3 Re8
16.Nd2 Rc8 17.Nf3 Qb6 18.Rad1 Red8 19.Nd4 Nxd4 20.Qxd4 Qxd4 21.Rxd4 h6 22.h3 g5
23.Bd2 Bf8 24.Bb4 Rc6 25.Red1 Bxb4 26.Rxb4 Rc7 27.Rbd4 Rcd7 28.Kh2 Kg7 29.g3 f6
30.f4 fxe5 31.fxe5 Rf7 32.Kg2 Rc7 33.h4 gxh4 34.gxh4 Kh8 35.Rf4 Rg8+ 36.Kf2 Rcg7
37.Bxd5 Bxd5 38.Rxd5 Rg2+ 39.Ke3 R8g3+ 40.Kd4 Rd2+ 41.Kc5 Rc2+ 42.Kd4 Rxb2
43.e6 Rb4+ 44.Ke5 Re3+ 45.Kf5 Rxf4+ 46.Kxf4 Rxe6 47.Rd8+ Kg7 48.Rd7+ Kg6
49.Rxb7 Rf6+ 50.Kg4 h5+ 51.Kg3 Rc6 52.Rb3 a5 53.Ra3 Rc5 54.Ra4 Kf5 55.Ra3 Ke5
56.Kf3 Kf5 57.Kg3 Ke4 58.Ra4+ Ke3 59.Ra3+ Kd4 60.Ra4+ Kc3 61.Kf3 Kb2 62.Ke4 Rb5
63.Kd3 Rd5+ 64.Ke4  1/2-1/2

[Event "HUN-chT2 9495"]
[Site "HUN"]
[Date "1995.??.??"]
[Round "?"]
[White "Kubacsny, Laszlo"]
[Black "Kiss, Pal"]
[Result "1/2-1/2"]
[WhiteElo "2335"]
[BlackElo "2455"]

1.e4 c5 2.Nf3 Nc6 3.Bb5 e6 4.O-O Nge7 5.c3 a6 6.Ba4 b5 7.Bc2 Bb7 8.d4 cxd4
9.cxd4 Nb4 10.Nc3 Nxc2 11.Qxc2 Rc8 12.Qd3 b4 13.Ne2 Qc7 14.Ne1 Qc4 15.Qxc4 Rxc4
16.f3 f5 17.b3 Rc8 18.Ng3 g6 19.Be3 a5 20.Rd1 Ba6 21.Rf2 d5 22.Nd3 Bxd3 23.Rxd3 Bg7
24.Re2 Kd7 25.e5 Nc6 26.Rdd2 Na7 27.Rc2 Nb5 28.Rxc8 Rxc8 29.Rd2 Rc1+ 30.Kf2 Nc3
31.Ne2 Rb1 32.Bf4 Bf8 33.h4 a4 34.bxa4 Nxa4 35.Rc2 Nb2 36.Nc1 Nc4 37.Nd3 Rh1
38.Bg5 Ra1 39.Bc1 Be7 40.g3 Rb1 41.Ke2 Nb6 42.Bd2 Nc4 43.Rc1 Rxc1 44.Bxc1  1/2-1/2

[Event "HUN-chT2 9495"]
[Site "HUN"]
[Date "1995.??.??"]
[Round "?"]
[White "Kotan, Ladislav"]
[Black "Mullner, Imre"]
[Result "1/2-1/2"]
[WhiteElo "2350"]
[BlackElo "2220"]

1.e4 c5 2.Nf3 Nc6 3.Bb5 d6 4.O-O Bd7 5.c3 Nf6 6.Re1 Qb6 7.Ba4 e5 8.d3 Be7
9.Nbd2 O-O 10.Nf1 Qa5 11.Ng3 g6 12.Bh6 Rfe8 13.Bb3 Bf8 14.Qd2 Bg7 15.Qg5 Qd8
16.Bxg7 Kxg7 17.Rad1 h6 18.Qd2 Bg4 19.Qe3 Qd7 20.h3 Bxf3 21.Qxf3 Nh7 22.Qe3 Qe7
23.f4 exf4 24.Qxf4 Qf6 25.Qg4 Qg5 26.Rf1 Re7 27.Qf3 Rf8 28.Kh2 h5 29.Qf4 Qxf4
30.Rxf4 Nf6 31.Rf2 Nd7 32.Ne2 Na5 33.Bc2 b5 34.Nf4 Nb6 35.g4 hxg4 36.hxg4 Nc6
37.Kg3 Rh8 38.Rdf1 Ne5 39.d4 Nec4 40.Bd3 cxd4 41.cxd4 Rc8 42.Rc1 Nxb2 43.Rxc8 Nxd3
44.Nxd3 Nxc8 45.Kf4 Rc7 46.g5 Rc3 47.Rd2 f6 48.Kg4 fxg5 49.Kxg5 Ne7 50.Nf2 d5
51.Re2 Rf3 52.exd5 Rf5+ 53.Kg4 Nxd5 54.Nd3 Nf6+ 55.Kg3 Nh5+ 56.Kg2 Kf6 57.Rc2 Nf4+
58.Nxf4 Rxf4 59.Rc6+ Kg5 60.Rc5+ Kg4  1/2-1/2

[Event "HUN-chT2 9495"]
[Site "HUN"]
[Date "1995.??.??"]
[Round "?"]
[White "Kotan, Ladislav"]
[Black "Kadar, Gabor"]
[Result "1-0"]
[WhiteElo "2350"]
[BlackElo "2280"]

1.e4 c5 2.Nf3 Nc6 3.Bb5 Qb6 4.Nc3 e6 5.O-O Nge7 6.Re1 Nd4 7.Bf1 d6 8.b3 Nec6
9.Bb2 Be7 10.Nxd4 cxd4 11.Ne2 O-O 12.c4 e5 13.d3 g6 14.Bc1 f5 15.Bh6 Rf7
16.exf5 gxf5 17.Ng3 Be6 18.f4 Kh8 19.a3 Rg8 20.b4 Rg6 21.Qh5 Qc7 22.Rac1 b6
23.Be2 exf4 24.Bxf4 Ne5 25.Qh3 Ng4 26.c5 bxc5 27.bxc5 Qd8 28.c6 Qc8 29.Bf3 Bg5
30.Bxg5 Rxg5 31.Bxg4 Rxg4 32.Qh6 Rg6 33.Qf4 Kg8 34.Rc2 Qc7 35.h3 Rf8 36.Ne2 Qa5
37.Ra1 Bd5 38.Nxd4 Qa4 39.Rac1 Be4 40.Nxf5  1-0

[Event "HUN-chT2 9495"]
[Site "HUN"]
[Date "1995.??.??"]
[Round "?"]
[White "Kotan, Ladislav"]
[Black "Donka, Peter"]
[Result "1/2-1/2"]
[WhiteElo "2350"]
[BlackElo "2270"]

1.e4 c5 2.Nf3 Nc6 3.Bb5 g6 4.Bxc6 dxc6 5.h3 Bg7 6.d3 e5 7.Be3 Qe7 8.O-O Nf6
9.Nc3 O-O 10.a4 a5 11.Qc1 Bd7 12.Bg5 Qd6 13.Nd2 Be6 14.f4 Qd4+ 15.Kh1 Nh5
16.Rf3 f6 17.Ne2 Qd7 18.Bh4 exf4 19.Bf2 Qd6 20.Nb3 b6 21.Nxf4 Bh6 22.Be3 Nxf4
23.Bxf4 Bxf4 24.Qxf4 Qxf4 25.Rxf4 Bxb3 26.cxb3 Rad8 27.Rf3 Rd4 28.Rc1 Kf7
29.Kg1 Ke6 30.g4 Rb4 31.Rc3 Rf7 32.Re3 Kd6 33.Rf3 Ke5 34.Kg2 Re7 35.Rc4 Rd7
36.Rxb4 axb4 37.Kf2 b5 38.Ke3 Ra7 39.axb5 cxb5 40.Rf1 Ra2 41.Rc1 Kd6 42.Rb1 Ra7
43.Kf4 Ra8 44.Rc1 Ra2 45.Rb1 Ke6 46.Ke3 f5 47.gxf5+ gxf5 48.exf5+ Kxf5 49.Rc1 Rxb2
50.Rxc5+ Kf6 51.Rxb5 Rxb3 52.h4 Rb1 53.Kd2 Rb2+ 54.Kc1 Rb3 55.Kc2 Rc3+ 56.Kd2 Rb3
57.Rb7 Kg6 58.Rb5 Kh6 59.d4 Rh3 60.Rxb4 Rxh4 61.Ke3 Kg6 62.Kd3 Kf6 63.Kc4 Ke6
64.Rb6+ Kd7 65.Kc5 Rh1 66.Rb7+ Kc8 67.Rf7 h5 68.Rh7 h4 69.Kc6 Rc1+ 70.Kd6 Rh1
71.d5 h3 72.Rc7+ Kd8 73.Rd7+ Kc8 74.Rh7 h2 75.Rc7+ Kd8 76.Rc2 Rg1 77.Rxh2 Rg6+
78.Kc5 Rf6 79.Rh7 Rg6 80.Ra7 Rh6  1/2-1/2